[Event "FIDE TURNIR 2016"]
[Site "Komenda"]
[Date "2016.02.13"]
[Round "2.10"]
[White "Cimperman, Teo"]
[Black "Dajcman, Nikolaj"]
[Result "0-1"]
[WhiteElo "1500"]
[BlackElo "1408"]
[PlyCount "76"]
[EventDate "2016.02.13"]

1. e4 e5 2. Nf3 Nc6 3. Bb5 d6 4. O-O Bd7 5. Nc3 Nf6 6. Nd5 Nxe4 7. d3 Nc5 8. b4
Ne6 9. Bxc6 Bxc6 10. Nc3 Be7 11. a4 O-O 12. b5 Bxf3 13. Qxf3 b6 14. g3 Nd4 15.
Qg4 Nxc2 16. Bh6 Bf6 17. Rac1 Nd4 18. Ne4 Kh8 19. Nxf6 Qxf6 20. Bg5 Qg6 21.
Rxc7 Ne6 22. Rc3 Qxg5 23. Qc4 Nd4 24. h4 Qf5 25. Kg2 Qf3+ 26. Kh2 Ne2 27. Re1
Nf4 28. Qxf4 exf4 29. Rec1 fxg3+ 30. fxg3 f5 31. d4 Qg4 32. Kg2 f4 33. Rh1 f3+
34. Kf2 Rae8 35. Re1 Re2+ 36. Rxe2 fxe2+ 37. Ke3 e1=Q+ 38. Kd3 Qee2# 0-1

[Event "FIDE TURNIR 2016"]
[Site "Komenda"]
[Date "2016.02.13"]
[Round "2.11"]
[White "Jereb, Lana"]
[Black "Varga, Ivan"]
[Result "1-0"]
[WhiteElo "1603"]
[BlackElo "1283"]
[PlyCount "67"]
[EventDate "2016.02.13"]

1. e4 e5 2. Nf3 Bd6 3. Nc3 c6 4. Bc4 h6 5. O-O b5 6. Bb3 Ba6 7. Re1 Nf6 8. a3
g5 9. d4 g4 10. Nxe5 Bxe5 11. dxe5 g3 12. exf6 gxh2+ 13. Kxh2 h5 14. Qd6 Bb7
15. Qe5+ Kf8 16. Qg5 Rh7 17. Re3 d6 18. Rg3 Ke8 19. Qg8+ Kd7 20. Qxh7 Kc7 21.
Qxf7+ Qd7 22. Qxd7+ Nxd7 23. f7 c5 24. Rg8 Nf8 25. Bh6 c4 26. Nxb5+ Kb6 27.
Bxc4 Rc8 28. Nxd6 Rc6 29. Bxf8 h4 30. Be7 a5 31. f8=Q Ka7 32. Nxb7 h3 33. Bc5+
Rxc5 34. Qxc5+ 1-0

[Event "FIDE TURNIR 2016"]
[Site "Komenda"]
[Date "2016.02.13"]
[Round "2.12"]
[White "Hvala, Inja Ajda"]
[Black "Lajovic, Maks"]
[Result "1-0"]
[WhiteElo "1261"]
[BlackElo "1500"]
[PlyCount "119"]
[EventDate "2016.02.13"]

1. d4 d5 2. Nf3 Nf6 3. Bf4 Bf5 4. e3 a6 5. c4 e6 6. Qb3 b6 7. Nc3 Nc6 8. Bg5
Be7 9. Bxf6 Bxf6 10. cxd5 exd5 11. Qxd5 Qxd5 12. Nxd5 O-O-O 13. Nxf6 gxf6 14.
Bxa6+ Kb8 15. O-O-O Be6 16. a3 Bf5 17. Bc4 Rdf8 18. d5 Na5 19. Bd3 Bg6 20. Nh4
Rd8 21. Bxg6 fxg6 22. Rd3 g5 23. Nf5 h5 24. Rhd1 Rd7 25. d6 cxd6 26. Rxd6 Rxd6
27. Rxd6 Nb3+ 28. Kc2 Na1+ 29. Kc3 Rc8+ 30. Kd3 Kc7 31. Rxf6 Rd8+ 32. Kc3 Rc8
33. Ne7 Rd8 34. Rf5 Rd1 35. Nd5+ Kd6 36. Nb4 Rc1+ 37. Kd3 Rd1+ 38. Ke2 Rc1 39.
Rd5+ Ke6 40. Rd1 Nb3 41. Rxc1 Nxc1+ 42. Kd2 Nb3+ 43. Kc3 Na5 44. Kd4 Nb3+ 45.
Kc4 Nc5 46. Kb5 Nd7 47. a4 Kd6 48. Nd3 Kc7 49. b4 g4 50. a5 h4 51. a6 Kb8 52.
Kc6 g3 53. hxg3 hxg3 54. Kxd7 gxf2 55. Nxf2 Ka7 56. Kc6 Kxa6 57. b5+ Ka7 58. g4
Kb8 59. Kxb6 Kc8 60. Ka7 1-0

[Event "FIDE TURNIR 2016"]
[Site "Komenda"]
[Date "2016.02.13"]
[Round "2.13"]
[White "Olenik Campa, Rudi"]
[Black "Skrbec, Leon"]
[Result "0-1"]
[WhiteElo "1526"]
[BlackElo "1278"]
[PlyCount "98"]
[EventDate "2016.02.13"]

1. e4 c6 2. d4 d5 3. exd5 cxd5 4. Nc3 Nc6 5. Nf3 Nf6 6. Bb5 Bg4 7. O-O e6 8.
Bg5 Be7 9. Qd3 O-O 10. Bxc6 bxc6 11. Ne5 Bf5 12. Qd2 Qc7 13. Bf4 Qb7 14. b3 Bb4
15. a3 Ne4 16. Qe3 Bxc3 17. f3 Bd2 18. Qe2 Bxf4 19. Nd3 Nc3 20. Qe1 Bxd3 21.
cxd3 Nb5 22. Kh1 Qb6 23. Qh4 Bd6 24. a4 Nxd4 25. a5 Nf5 26. Qxh7+ Kxh7 27. axb6
axb6 28. Rac1 c5 29. Rf2 Ra3 30. Rb1 Nd4 31. Rfb2 Be5 32. b4 Rxd3 33. bxc5 bxc5
34. Rf2 c4 35. f4 Bf6 36. h3 Nb3 37. Kh2 Bd4 38. Ra2 Rb8 39. Kh1 c3 40. Rc2 Rd2
41. Rxd2 cxd2 42. Rd1 Be3 43. g3 Nd4 44. Kg2 Rc8 45. h4 Rc1 46. Rxc1 dxc1=Q 47.
Kh3 Qh1+ 48. Kg4 Qf3+ 49. Kg5 f6# 0-1

[Event "FIDE TURNIR 2016"]
[Site "Komenda"]
[Date "2016.02.13"]
[Round "2.14"]
[White "Subelj, Nik"]
[Black "Jelen, Luka"]
[Result "0-1"]
[WhiteElo "1500"]
[BlackElo "1500"]
[PlyCount "82"]
[EventDate "2016.02.13"]

1. e4 e5 2. Nf3 Nc6 3. Bc4 Nf6 4. Nc3 Bb4 5. d3 d6 6. O-O O-O 7. a3 Bxc3 8.
bxc3 Bg4 9. Bd5 Na5 10. h3 Bh5 11. Rb1 c6 12. Bc4 d5 13. Ba2 Re8 14. Re1 Qd6
15. Rb4 h6 16. g4 Bg6 17. Nh4 Rad8 18. g5 hxg5 19. Bxg5 Bh5 20. Nf3 dxe4 21.
Re3 a6 22. Kh1 b5 23. Qg1 exf3 24. Bh6 g6 25. Rh4 Qxa3 26. Bg5 Rd6 27. Bxf6
Rxf6 28. Rxh5 Qxa2 29. Rexe5 Rxe5 30. Rxe5 Qxc2 31. Re8+ Kg7 32. Qg4 Qd1+ 33.
Kh2 Qxd3 34. Qh4 g5 35. Qd4 Qf1 36. Qg4 Qxf2+ 37. Kh1 Qf1+ 38. Qg1 Qxh3+ 39.
Qh2 g4 40. Re3 Qf1+ 41. Qg1 Rh6# 0-1

[Event "FIDE TURNIR 2016"]
[Site "Komenda"]
[Date "2016.02.13"]
[Round "2.15"]
[White "Premk, Jasna"]
[Black "Paternoster, David"]
[Result "1/2-1/2"]
[WhiteElo "1500"]
[BlackElo "1500"]
[PlyCount "177"]
[EventDate "2016.02.13"]

1. e4 e5 2. Bc4 Qe7 3. Nf3 d6 4. d3 Be6 5. h3 Bxc4 6. dxc4 Qd8 7. O-O Nf6 8.
Re1 c6 9. Nc3 d5 10. cxd5 cxd5 11. exd5 Nxd5 12. Nxd5 Bd6 13. Be3 e4 14. Nd4
Bc5 15. Re2 O-O 16. Rd2 Nd7 17. Rd3 Ne5 18. Rc3 b6 19. b3 Bd6 20. Rb1 a6 21.
Bf4 b5 22. a4 Qe8 23. axb5 axb5 24. Nxb5 Bb4 25. Nxb4 Rb8 26. Rc5 f6 27. Qe2
Rb7 28. Rd1 Nd7 29. Rc7 Rxc7 30. Nxc7 Nc5 31. Nxe8 Rxe8 32. Qe3 Rc8 33. Rd5 Ne6
34. Qg3 Rb8 35. Na6 Ra8 36. Nb4 Ra1+ 37. Kh2 Rb1 38. Rb5 Rb2 39. Qh4 Rb1 40.
Qh5 g6 41. Rb8+ Kg7 42. Qh6+ Kf7 43. Rf8+ Nxf8 44. Bd6 Nd7 45. Nc6 Rb2 46. Nd8+
Ke8 47. Qxh7 Kxd8 48. Qh8+ Nf8 49. Qxf8+ Kd7 50. Qe7+ Kc6 51. Qc7+ Kd5 52. Be7
Ke6 53. Bd8 Kf5 54. Qg7 Rxc2 55. Qf7 Rc6 56. b4 Ke5 57. b5 Rc8 58. Qe7+ Kd4 59.
Qa7+ Kc4 60. b6 Rxd8 61. b7 Rd7 62. Qa8 Rxb7 63. Qxb7 Kd4 64. Qb4+ Ke5 65. Qc5+
Ke6 66. Qd4 Kf5 67. g4+ Kg5 68. Qxe4 f5 69. gxf5 gxf5 70. Qe5 Kg6 71. Qf4 Kf6
72. Qh4+ Ke5 73. Kg3 Ke6 74. Kf4 Kd5 75. Kxf5 Kc5 76. Ke4 Kc4 77. f4 Kc5 78.
Qe7+ Kc4 79. f5 Kc3 80. f6 Kc4 81. f7 Kc3 82. f8=Q Kc4 83. h4 Kc3 84. Qb4+ Kc2
85. h5 Kd1 86. h6 Ke2 87. h7 Kd1 88. h8=Q Ke2 89. Qh1 1/2-1/2

[Event "FIDE TURNIR 2016"]
[Site "Komenda"]
[Date "2016.02.13"]
[Round "2.16"]
[White "Hvala, Arja Ela"]
[Black "Vodnik, Ziga"]
[Result "1-0"]
[WhiteElo "1206"]
[BlackElo "1530"]
[PlyCount "44"]
[EventDate "2016.02.13"]

1. d4 d5 2. Nf3 e6 3. Bf4 Nf6 4. e3 c5 5. c3 h6 6. Nbd2 Bd6 7. Bg3 O-O 8. Bd3
b6 9. Ne5 Qe7 10. f4 Nfd7 11. Qg4 Bxe5 12. fxe5 Qd8 13. Bf4 g5 14. Bg3 f5 15.
exf6 Nxf6 16. Qh3 Kg7 17. Be5 Nc6 18. Nf3 Qe8 19. Nxg5 Nxe5 20. dxe5 hxg5 21.
exf6+ Rxf6 22. Qh7+ Kf8 {nemogoèa poteza. Beli je naredil malo rokado. sledilo
je 24.0-0 Qf7 25. Rf6 Qf6} 1-0

[Event "FIDE TURNIR 2016"]
[Site "Komenda"]
[Date "2016.02.13"]
[Round "2.17"]
[White "Macek, Inti"]
[Black "Premk, Simon"]
[Result "0-1"]
[WhiteElo "1500"]
[BlackElo "1500"]
[PlyCount "74"]
[EventDate "2016.02.13"]

1. Nf3 Nc6 2. Nc3 e5 3. e4 Nf6 4. Bb5 Bc5 5. O-O O-O 6. d3 Bb4 7. Bg5 h6 8. Bh4
Bxc3 9. bxc3 a6 10. Bc4 b5 11. Bb3 d6 12. a4 bxa4 13. Bxa4 Bg4 14. Bxc6 Rb8 15.
Rb1 Bxf3 16. Qe1 Bg4 17. Rxb8 Qxb8 18. Bd5 Nxd5 19. exd5 Qb5 20. c4 Qc5 21. c3
e4 22. d4 Qxc4 23. Qc1 Be2 24. Re1 Bd3 25. Qd2 Qxd5 26. Rc1 Bb5 27. Qe3 Bd7 28.
Qg3 Qe6 29. c4 Qg6 30. f4 exf3 31. Qxf3 Re8 32. c5 Bg4 33. Qg3 Bf5 34. cxd6
cxd6 35. Qc3 d5 36. h3 Bxh3 37. Rd1 Qxg2# 0-1

[Event "FIDE TURNIR 2016"]
[Site "Komenda"]
[Date "2016.02.13"]
[Round "2.18"]
[White "Sraka, Lan"]
[Black "Vaupot, Luka"]
[Result "1/2-1/2"]
[WhiteElo "1265"]
[BlackElo "1279"]
[PlyCount "161"]
[EventDate "2016.02.13"]

1. d4 Nf6 2. c4 g6 3. Nc3 Bg7 4. e4 d6 5. Be3 O-O 6. Bd3 e5 7. d5 Nbd7 8. Nge2
b6 9. O-O Nc5 10. Bc2 a5 11. a3 Ne8 12. b4 Nd7 13. f4 f5 14. Qd2 Ndf6 15. exf5
gxf5 16. fxe5 Ng4 17. Bg5 Bh6 18. Bxh6 Qh4 19. Qg5+ Qxg5 20. Bxg5 Nxe5 21. Bb3
Ng7 22. Bh6 Rf7 23. Bxg7 Kxg7 24. Nb5 Kh8 25. Nbd4 f4 26. Rxf4 Rxf4 27. Nxf4
axb4 28. Nc2 Ba6 29. axb4 Bb7 30. Rxa8+ Bxa8 31. Ne6 c6 32. dxc6 Bxc6 33. c5
dxc5 34. bxc5 bxc5 35. Nxc5 Ng4 36. Nb4 Bxg2 37. Kxg2 Nxh2 38. Kxh2 Kg7 39. Kg3
Kf6 40. Kf4 h6 41. Ne4+ Kg6 42. Nd3 Kg7 43. Ne5 Kf8 44. Ng6+ Ke8 45. Nf6+ Kd8
46. Kg4 Kc7 47. Kh5 Kd6 48. Kxh6 Kc5 49. Kg5 Kd4 50. Kf4 Kd3 51. Ne5+ Kd4 52.
Bg8 Kc5 53. Kf5 Kd4 54. Nd5 Kc5 55. Ke6 Kd4 56. Bh7 Kc5 57. Nf3 Kc4 58. Ke5 Kc5
59. Ng5 Kc4 60. Bb1 Kc5 61. Nf7 Kc4 62. Ke4 Kc5 63. Bc2 Kc4 64. Bd3+ Kc5 65.
Bb1 Kc4 66. Ke5 Kc5 67. Ke6 Kc4 68. Ke5 Kc5 69. Nd8 Kc4 70. Ne6 Kb5 71. Bd3+
Kc6 72. Nd4+ Kc5 73. Ke4 Kd6 74. Bc4 Kc5 75. Bb3 Kd6 76. Kf5 Kc5 77. Ne6+ Kd6
78. Kf6 Kc6 79. Ke5 Kb5 80. Nd4+ Kc5 81. Ba2 1/2-1/2

[Event "FIDE TURNIR 2016"]
[Site "Komenda"]
[Date "2016.02.13"]
[Round "2.19"]
[White "Halilovic, Elma"]
[Black "Vaupot, Eliza"]
[Result "1-0"]
[WhiteElo "1534"]
[BlackElo "1500"]
[PlyCount "49"]
[EventDate "2016.02.13"]

1. e4 d5 2. exd5 Qxd5 3. Nc3 Qa5 4. Nf3 Bg4 5. Be2 e6 6. a3 Bc5 7. b4 Bxb4 8.
O-O Nf6 9. Bb2 Bc5 10. h3 Bf5 11. Re1 Ne4 12. Nxe4 Bxe4 13. Bxg7 Rg8 14. Bb2
Qa4 15. Bd3 Bxd3 16. cxd3 f6 17. Qxa4+ Nc6 18. Rxe6+ Kf7 19. Rxf6+ Ke7 20. Re1+
Kd8 21. Qc4 Be7 22. Qxg8+ Kd7 23. Qe6+ Ke8 24. Rf7 Nd8 25. Qxe7# 1-0

[Event "FIDE TURNIR 2016"]
[Site "Komenda"]
[Date "2016.02.13"]
[Round "3.1"]
[White "Urh, Robert"]
[Black "Solmajer, Luka"]
[Result "0-1"]
[WhiteElo "1534"]
[BlackElo "2048"]
[PlyCount "88"]
[EventDate "2016.02.13"]

1. e4 c5 2. Nf3 Nc6 3. d4 cxd4 4. Nxd4 g6 5. Nxc6 bxc6 6. Bc4 Bg7 7. O-O e6 8.
Nc3 d5 9. exd5 exd5 10. Re1+ Ne7 11. Bb3 Be6 12. Bg5 h6 13. Bf4 O-O 14. Qd2 Nf5
15. h3 Qh4 16. Be5 Nd4 17. Qxd4 Qxd4 18. Bxd4 Bxd4 19. Rad1 Bxc3 20. bxc3 Rfb8
21. Re2 a5 22. a4 Kg7 23. f3 g5 24. Kf2 {(=)} Kf6 25. Kg3 Ra7 26. Rf2 Kg6 27.
f4 Rab7 28. Rdf1 gxf4+ 29. Rxf4 c5 30. c4 d4 31. R1f3 Rb4 32. Kh4 R8b7 33. Rg3+
Kh7 34. Kh5 f5 35. Rff3 Rg7 36. Rxg7+ Kxg7 37. g4 fxg4 38. hxg4 Bxc4 39. Rg3 d3
40. Bxc4 dxc2 41. Rc3 Rb1 42. Kh4 c1=Q 43. Rxc1 Rxc1 44. Bb5 c4 0-1

[Event "FIDE TURNIR 2016"]
[Site "Komenda"]
[Date "2016.02.13"]
[Round "3.2"]
[White "Urh, Zala"]
[Black "Jelen, Anja"]
[Result "1-0"]
[WhiteElo "1923"]
[BlackElo "1026"]
[PlyCount "51"]
[EventDate "2016.02.13"]

1. d4 d5 2. c4 e6 3. Nc3 c5 4. Nf3 Nc6 5. e3 Nf6 6. Be2 Be7 7. O-O O-O 8. b3
Re8 9. Bb2 b6 10. cxd5 exd5 11. Rc1 Bf5 12. Ne5 Na5 13. Bb5 Rf8 14. dxc5 Bxc5
15. Nc6 Nb7 16. Nxd8 Raxd8 17. Qe2 Bb4 18. a3 Bc5 19. b4 Be7 20. Rfd1 h6 21.
Bc6 Nd6 22. Nxd5 Nxd5 23. Bxd5 Ne4 24. Qh5 Bg6 25. Qxg6 Nd6 26. Qxg7# 1-0

[Event "FIDE TURNIR 2016"]
[Site "Komenda"]
[Date "2016.02.13"]
[Round "3.3"]
[White "Jelen, Miha"]
[Black "Grad, Danijel"]
[Result "1-0"]
[WhiteElo "1615"]
[BlackElo "1500"]
[PlyCount "55"]
[EventDate "2016.02.13"]

1. e4 e5 2. Nf3 Nc6 3. Nc3 Nf6 4. d4 exd4 5. Nxd4 Nxd4 6. Qxd4 Be7 7. e5 c5 8.
Qa4 b5 9. Bxb5 Nh5 10. g4 a6 11. gxh5 Rb8 12. Be2 Rb4 13. Qa3 Bg5 14. b3 Bf4
15. Bxf4 Rxf4 16. Qxc5 Bb7 17. Nd5 Bxd5 18. Qxd5 O-O 19. O-O-O Rxf2 20. Bd3
Qg5+ 21. Kb1 Rd8 22. Qe4 g6 23. hxg6 fxg6 24. Bc4+ Kh8 25. e6 Re8 26. Qd4+ Rf6
27. exd7 Rd8 28. Rhe1 1-0

[Event "FIDE TURNIR 2016"]
[Site "Komenda"]
[Date "2016.02.13"]
[Round "3.4"]
[White "Zidar, Jernej"]
[Black "Jancigaj, Saso Valentin"]
[Result "0-1"]
[WhiteElo "1160"]
[BlackElo "1588"]
[PlyCount "156"]
[EventDate "2016.02.13"]

1. d4 f5 2. c4 Nf6 3. Nc3 e6 4. Nf3 Bb4 5. Bd2 O-O 6. e3 d5 7. Bd3 c6 8. O-O
Nbd7 9. Qc2 Bxc3 10. Bxc3 Ne4 11. Bxe4 fxe4 12. Nd2 Qh4 13. h3 Nf6 14. Bb4 Rf7
15. Bd6 Nh5 16. c5 g5 17. Qd1 Nf6 18. Bg3 Qh6 19. b4 Qg6 20. f3 h5 21. fxe4
dxe4 22. Nc4 Nd5 23. Ne5 Rxf1+ 24. Qxf1 Qf5 25. Qxf5 exf5 26. Kf2 Nxb4 27. a3
Nd5 28. a4 Kg7 29. a5 a6 30. Nc4 f4 31. exf4 gxf4 32. Bh2 Kf6 33. Nb6 Nxb6 34.
cxb6 Kf5 35. Rf1 Be6 36. Ke1 f3 37. gxf3 exf3 38. Rxf3+ Ke4 39. Rf4+ Ke3 40.
Rh4 Bf7 41. Bg1+ Kf3 42. Bh2 Re8+ 43. Be5 Ke3 44. Kf1 Bc4+ 45. Ke1 Rf8 46. Kd1
Rf2 47. Kc1 Bf7 48. d5 Rf1+ 49. Kb2 cxd5 50. Rb4 Bg6 51. Rd4 Be4 52. Rb4 Rb1+
53. Kc3 Rxb4 54. Kxb4 d4 55. Bxd4+ Kxd4 56. h4 Bd5 57. Ka4 Kc4 58. Ka3 Kb5 59.
Kb2 Kxa5 60. Ka3 Kxb6 61. Kb4 a5+ 62. Ka4 Bc6+ 63. Kb3 Kc5 64. Ka3 b5 65. Kb3
a4+ 66. Ka3 b4+ 67. Kb2 a3+ 68. Ka2 Bd5+ 69. Kb1 b3 70. Ka1 b2+ 71. Kb1 Kb4 72.
Kc2 Be4+ 73. Kd2 b1=Q 74. Ke3 Qd3+ 75. Kf4 Kc5 76. Kg5 Qf3 77. Kh6 Qf6+ 78.
Kxh5 Qg6# 0-1

[Event "FIDE TURNIR 2016"]
[Site "Komenda"]
[Date "2016.02.13"]
[Round "3.5"]
[White "Ocepek, Jan"]
[Black "Tisaj, Igor"]
[Result "1/2-1/2"]
[WhiteElo "1238"]
[BlackElo "1238"]
[PlyCount "48"]
[EventDate "2016.02.13"]

1. e4 e5 2. Nf3 d6 3. h3 Be6 4. d4 exd4 5. Nxd4 Qd7 6. Nc3 a6 7. Bg5 f6 8. Bf4
Ne7 9. Bd3 Ng6 10. Bg3 b5 11. Qe2 c5 12. Nxe6 Qxe6 13. Nd5 Ra7 14. c4 b4 15.
O-O Be7 16. f4 Qc8 17. e5 dxe5 18. fxe5 O-O 19. exf6 Bxf6 20. Rae1 Bd4+ 21. Kh1
Rxf1+ 22. Rxf1 Nf8 23. Ne7+ Rxe7 24. Qxe7 Nbd7 1/2-1/2

[Event "FIDE TURNIR 2016"]
[Site "Komenda"]
[Date "2016.02.13"]
[Round "3.6"]
[White "Tisaj, Domen"]
[Black "Sraka, Luna"]
[Result "1-0"]
[WhiteElo "1816"]
[BlackElo "1500"]
[PlyCount "95"]
[EventDate "2016.02.13"]

1. d4 d5 2. c4 e6 3. Nc3 Nf6 4. Bg5 Be7 5. e3 h6 6. Bh4 O-O 7. Nf3 Nc6 8. Bd3
dxc4 9. Bxc4 b6 10. O-O Bb7 11. Rc1 Nd5 12. Bxe7 Ncxe7 13. Qe2 Nxc3 14. Rxc3
Ng6 15. Rfc1 Nh4 16. Nxh4 Qxh4 17. Ba6 Bd5 18. b3 Qg5 19. e4 c6 20. exd5 cxd5
21. Qd3 Qe7 22. a4 Qd6 23. Rc7 Rab8 24. h3 Rfe8 25. Rxa7 e5 26. Qf3 Re7 27.
dxe5 Qxe5 28. Rxe7 Qxe7 29. Qxd5 Rd8 30. Qxd8+ Qxd8 31. Rc8 Qxc8 32. Bxc8 Kf8
33. b4 Ke8 34. a5 b5 35. a6 Kd8 36. a7 Kxc8 37. a8=Q+ Kd7 38. Qd5+ Ke7 39. Qxb5
g6 40. Qe5+ Kd7 41. b5 f5 42. b6 Kc6 43. Qe6+ Kb7 44. Qd6 g5 45. Qc7+ Ka6 46.
b7 Kb5 47. b8=Q+ Ka6 48. Qcb6# 1-0

[Event "FIDE TURNIR 2016"]
[Site "Komenda"]
[Date "2016.02.13"]
[Round "3.7"]
[White "Halilovic, Elma"]
[Black "Jereb, Lana"]
[Result "0-1"]
[WhiteElo "1534"]
[BlackElo "1603"]
[PlyCount "70"]
[EventDate "2016.02.13"]

1. e4 c5 2. Nc3 e6 3. g3 g6 4. Bg2 Bg7 5. Nge2 Nc6 6. b3 Nf6 7. Bb2 O-O 8. O-O
Rb8 9. d4 cxd4 10. Nxd4 a6 11. Re1 Qc7 12. Qd2 Nxd4 13. Qxd4 Nd5 14. Qd3 Nxc3
15. Re3 Ne2+ 16. Rxe2 Bxb2 17. Rb1 Bg7 18. c4 b6 19. a4 Bb7 20. b4 Rfd8 21. Rc1
d6 22. Rec2 Qe7 23. b5 a5 24. Re1 Rbc8 25. Qe3 Rc5 26. h4 Rdc8 27. Rec1 Qc7 28.
Qe2 d5 29. exd5 exd5 30. Bf1 dxc4 31. Rxc4 Rxc4 32. Rxc4 Qd7 33. Kh2 Rxc4 34.
Qxc4 Qd5 35. Qc7 Qh1# 0-1

[Event "FIDE TURNIR 2016"]
[Site "Komenda"]
[Date "2016.02.13"]
[Round "3.8"]
[White "Hvala, Arja Ela"]
[Black "Mihelic, Vesna"]
[Result "1-0"]
[WhiteElo "1206"]
[BlackElo "1386"]
[PlyCount "171"]
[EventDate "2016.02.13"]

1. d4 d5 2. Nf3 e6 3. Bf4 c5 4. c3 Nf6 5. e3 Be7 6. Nbd2 O-O 7. Bd3 b6 8. Ne5
Bb7 9. Qf3 Nbd7 10. O-O Nxe5 11. dxe5 Nd7 12. Qh5 h6 13. Qg4 Kh8 14. Qh5 Bg5
15. Bg3 Be7 16. h4 Kg8 17. Qg4 Kh8 18. Bf4 Bxh4 19. Nf3 Be7 20. Qh5 f5 21. exf6
Nxf6 22. Qg6 Qe8 23. Qg3 Nh5 24. Qg4 Nxf4 25. exf4 Bd6 26. Ng5 Rxf4 27. Qh3 Qe7
28. Nxe6 Bc8 29. Rfe1 Qf6 30. Re2 Rh4 31. Qf5 Bh2+ 32. Kf1 Qxf5 33. Bxf5 Ba6
34. Rae1 Re8 35. g3 Rh5 36. Bg6 Re5 37. Bxe8 Rxe6 38. Bh5 Re5 39. Bf3 d4 40.
cxd4 cxd4 41. Kg2 Bxe2 42. Rxe2 Ra5 43. a3 Bxg3 44. fxg3 Kg8 45. Rd2 Rb5 46.
Be2 Rc5 47. Bd3 Kf7 48. Kf3 Ke6 49. Ke4 Rg5 50. Rg2 Rg4+ 51. Kf3 Rg5 52. Kf4 a5
53. Re2+ Kd6 54. Bc4 Kc5 55. b3 b5 56. Bd3 b4 57. a4 Kd6 58. Re4 Kd5 59. Re7
Kd6 60. Ra7 Kc6 61. Bb5+ Kb6 62. Ra6+ Kc5 63. Ke4 Rg4+ 64. Ke5 Rg5+ 65. Kf4 d3
66. Ke3 Rxg3+ 67. Ke4 Rg4+ 68. Kxd3 h5 69. Ke3 Rg3+ 70. Ke4 Rg4+ 71. Kf5 g6+
72. Ke5 Rg5+ 73. Kf6 Rg3 74. Ke5 Re3+ 75. Kf4 Rxb3 76. Ke4 Re3+ 77. Kxe3 b3 78.
Kd2 Kb4 79. Rb6 Ka3 80. Bd7 g5 81. Kc3 g4 82. Rxb3+ Ka2 83. Kc2 g3 84. Rxg3 h4
85. Be6+ Ka1 86. Rg1# 1-0

[Event "FIDE TURNIR 2016"]
[Site "Komenda"]
[Date "2016.02.13"]
[Round "3.9"]
[White "Dajcman, Aleksander"]
[Black "Hvala, Inja Ajda"]
[Result "1-0"]
[WhiteElo "1427"]
[BlackElo "1261"]
[PlyCount "79"]
[EventDate "2016.02.13"]

1. e4 c6 2. d4 d5 3. exd5 cxd5 4. Bf4 Bf5 5. Nf3 Nf6 6. Bd3 Bg6 7. c3 e6 8. O-O
Bd6 9. Bg3 O-O 10. Qe2 Bxd3 11. Qxd3 Ne4 12. Nbd2 Nxg3 13. hxg3 Nd7 14. Rfe1
Qb6 15. Nb3 a5 16. Kf1 a4 17. Nbd2 a3 18. b3 Rfc8 19. c4 dxc4 20. bxc4 Qa6 21.
Kg1 Nb6 22. Rec1 Rc7 23. Qb3 Be7 24. Rab1 Nd7 25. Ne4 Rac8 26. Nfd2 Nf6 27. Nc3
Rd8 28. Nb5 Rcd7 29. c5 Ra8 30. Nc4 Ne4 31. Rc2 Bf6 32. Nb6 Rdd8 33. Nxa8 Qxa8
34. Qd3 Ng5 35. f4 Qa6 36. fxg5 Bxg5 37. Qxa3 Qxa3 38. Nxa3 Rxd4 39. Rxb7 h6
40. c6 1-0

[Event "FIDE TURNIR 2016"]
[Site "Komenda"]
[Date "2016.02.13"]
[Round "3.10"]
[White "Dajcman, Nikolaj"]
[Black "Paternoster, Janez"]
[Result "1-0"]
[WhiteElo "1408"]
[BlackElo "1400"]
[PlyCount "59"]
[EventDate "2016.02.13"]

1. e4 c6 2. d4 d5 3. exd5 cxd5 4. Bd3 Nc6 5. c3 Nf6 6. Nf3 Bg4 7. Bf4 e6 8.
Nbd2 Bd6 9. Bxd6 Qxd6 10. O-O O-O 11. Re1 Rac8 12. Qb3 Qd7 13. h3 Bh5 14. Bb5
a6 15. Bxc6 Qxc6 16. Ne5 Qc7 17. Ndf3 Bxf3 18. Nxf3 h6 19. Ne5 Nd7 20. Nxd7
Qxd7 21. Re3 Rc6 22. Rae1 Qc7 23. Rg3 Rb6 24. Qc2 Re8 25. Qd2 Kh8 26. Re5 Rg8
27. Rh5 Kh7 28. Rxg7+ Rxg7 29. Qxh6+ Kg8 30. Qh8# 1-0

[Event "FIDE TURNIR 2016"]
[Site "Komenda"]
[Date "2016.02.13"]
[Round "3.11"]
[White "Kaluza, Dominik"]
[Black "Perme, Martin"]
[Result "1-0"]
[WhiteElo "1131"]
[BlackElo "1503"]
[PlyCount "49"]
[EventDate "2016.02.13"]

1. d4 e6 2. c4 Nf6 3. Nc3 Bb4 4. Bd2 O-O 5. a3 Ba5 6. b4 Bb6 7. c5 Bxc5 8. dxc5
d5 9. e3 e5 10. Nf3 e4 11. Nd4 Bg4 12. Be2 Bxe2 13. Qxe2 Nc6 14. Nxc6 bxc6 15.
Qa6 Qd7 16. O-O Qf5 17. Qxc6 Qh5 18. h3 Ne8 19. Qxa8 Qe2 20. Nxe2 Nf6 21. Qxf8+
Kxf8 22. Bc3 Nh5 23. Rfd1 c6 24. Nd4 a6 25. Nxc6 1-0

[Event "FIDE TURNIR 2016"]
[Site "Komenda"]
[Date "2016.02.13"]
[Round "3.12"]
[White "Cimperman, Teo"]
[Black "Jelen, Luka"]
[Result "0-1"]
[WhiteElo "1500"]
[BlackElo "1500"]
[PlyCount "50"]
[EventDate "2016.02.13"]

1. e4 e5 2. Nf3 Nc6 3. Bb5 Nf6 4. Bxc6 bxc6 5. Nxe5 Nxe4 6. O-O Bd6 7. Nf3 O-O
8. Qe2 Re8 9. d3 Nc5 10. Be3 Qf6 11. Nc3 Ba6 12. Bg5 Qf5 13. Qd2 Rab8 14. Rfe1
Qg4 15. Rxe8+ Rxe8 16. Re1 Rxe1+ 17. Qxe1 h6 18. Qe8+ Kh7 19. Be7 Qb4 20. Bxd6
cxd6 21. Qxf7 Qxb2 22. Nd1 Nxd3 23. cxd3 Qb5 24. Qxd7 Qxd3 25. Ne1 Qf1# 0-1

[Event "FIDE TURNIR 2016"]
[Site "Komenda"]
[Date "2016.02.13"]
[Round "3.13"]
[White "Skrbec, Leon"]
[Black "Zlicar, Jure"]
[Result "1-0"]
[WhiteElo "1278"]
[BlackElo "1500"]
[PlyCount "157"]
[EventDate "2016.02.13"]

1. d4 d5 2. c4 dxc4 3. Qa4+ Nc6 4. e3 Be6 5. Bxc4 Bxc4 6. Qxc4 e5 7. dxe5 Nxe5
8. Qe4 Bd6 9. f4 Nf6 10. Qxb7 Nd3+ 11. Kf1 Nxc1 12. Qc6+ Nd7 13. Qxc1 Rb8 14.
Nc3 O-O 15. Nf3 Bb4 16. Kf2 Bxc3 17. Qxc3 Nf6 18. Qc2 Ng4+ 19. Ke2 Qe8 20. e4
Nf6 21. e5 Nd5 22. g3 Rb7 23. Kf2 Qb5 24. Rhd1 Nb4 25. Qd2 h6 26. Kg2 Nc6 27.
b3 Ne7 28. Qd3 Qc5 29. Rac1 Qa5 30. Qd2 Qa6 31. Rc2 Qg6 32. Rdc1 c6 33. Qd6 Qf5
34. Rc5 Qc8 35. Qd3 Rd8 36. Qe3 Nf5 37. Qf2 Rbd7 38. Rxc6 Qa8 39. Kg1 Rd1+ 40.
Kg2 Rxc1 41. Rxc1 Nd4 42. Rf1 Kh7 43. Kg1 Nf5 44. g4 Ne7 45. Qc2+ Ng6 46. f5
Kg8 47. fxg6 fxg6 48. Qxg6 Rf8 49. Qd3 Rd8 50. Qc4+ Kh8 51. e6 Rc8 52. Qb5 Re8
53. Qd7 a5 54. e7 a4 55. Ne5 Kg8 56. Qxe8+ Qxe8 57. Rf8+ Qxf8 58. exf8=Q+ Kxf8
59. bxa4 Ke8 60. a5 Kd8 61. a6 Kc8 62. a7 Kb7 63. Nc6 g6 64. h4 g5 65. hxg5
hxg5 66. Kf2 Ka8 67. Ke3 Kb7 68. Ke4 Ka8 69. Kf5 Kb7 70. Kxg5 Ka8 71. Kf6 Kb7
72. g5 Ka8 73. g6 Kb7 74. g7 Ka8 75. g8=Q+ Kb7 76. a8=Q+ Kb6 77. Qa7+ Kxc6 78.
Qc8+ Kd6 79. Qad7# 1-0

[Event "FIDE TURNIR 2016"]
[Site "Komenda"]
[Date "2016.02.13"]
[Round "3.14"]
[White "Sraka, Lan"]
[Black "Premk, Simon"]
[Result "1-0"]
[WhiteElo "1265"]
[BlackElo "1500"]
[PlyCount "75"]
[EventDate "2016.02.13"]

1. d4 g6 2. e4 Nf6 3. Nc3 Bg7 4. f4 Nc6 5. Be3 O-O 6. Qd2 d6 7. Nf3 Bg4 8. Be2
Bxf3 9. Bxf3 Qd7 10. O-O-O Nb4 11. a3 Nc6 12. Rdg1 Ng4 13. Bxg4 Qxg4 14. h3 Qe6
15. d5 Qd7 16. dxc6 bxc6 17. g4 e6 18. e5 Rfd8 19. Rd1 f6 20. exd6 cxd6 21. Ne4
Bf8 22. Nxf6+ Kf7 23. Nxd7 Rxd7 24. Bc5 Rad8 25. Bb4 c5 26. Ba5 h5 27. Bxd8
Rxd8 28. Qa5 Ra8 29. gxh5 gxh5 30. Rhg1 e5 31. fxe5 Bh6+ 32. Kb1 dxe5 33. Rd7+
Kf6 34. Rd6+ Kf7 35. Rxh6 Re8 36. Qc7+ Re7 37. Rh7+ Kf8 38. Qxe7# 1-0

[Event "FIDE TURNIR 2016"]
[Site "Komenda"]
[Date "2016.02.13"]
[Round "3.15"]
[White "Vaupot, Luka"]
[Black "Olenik Campa, Rudi"]
[Result "0-1"]
[WhiteElo "1279"]
[BlackElo "1526"]
[PlyCount "42"]
[EventDate "2016.02.13"]

1. d4 Nf6 2. c4 e6 3. Nf3 d5 4. g3 Nc6 5. a3 Bd7 6. Bg2 Bd6 7. O-O O-O 8. Qc2
b6 9. Nbd2 Qe7 10. e4 dxe4 11. Nxe4 Nxe4 12. Qxe4 f6 13. d5 exd5 14. Qxe7 Nxe7
15. cxd5 Nxd5 16. Nd4 c6 17. Rd1 Rfe8 18. Nb5 Re6 19. Bh3 cxb5 20. Rxd5 Re1+
21. Bf1 Bh3 0-1

[Event "FIDE TURNIR 2016"]
[Site "Komenda"]
[Date "2016.02.13"]
[Round "3.16"]
[White "Vodnik, Ziga"]
[Black "Varga, Ivan"]
[Result "1-0"]
[WhiteElo "1530"]
[BlackElo "1283"]
[PlyCount "49"]
[EventDate "2016.02.13"]

1. e4 d6 2. f4 e5 3. Nf3 h6 4. Nc3 c6 5. fxe5 Bg4 6. exd6 Bxd6 7. d4 Nf6 8. e5
Qe7 9. Be2 Bc7 10. exf6 gxf6 11. Qd3 f5 12. Qe3 Bd6 13. Qxe7+ Bxe7 14. Bf4 Nd7
15. O-O-O Nb6 16. d5 c5 17. Nb5 Kd7 18. Ne5+ Kc8 19. Nxg4 fxg4 20. Bxg4+ Nd7
21. Rde1 Re8 22. d6 f5 23. Rxe7 Kd8 24. Rxe8+ Kxe8 25. Nc7+ 1-0